000 00428nam a2200157Ia 4500
008 160316s1996 xxu||||| |||| 00| 0 eng d
082 _a344.046000
_bJOS
100 _aJoshi P.K.
245 _aFarmers' perception of land degradation: A case study
250 _a
260 _aMumbai
_bEconomic and Political Weekly
_c1996
300 _a4
_b
_c
365 _b
650 _a1. Land degradation
700 _aWani S.P.
_aChopde V.K.
999 _c39733
_d39733